Aardrijkskunde Meerkeuze #1 - Statistieken

Algemene statistieken
  • Deze quiz is 557 keer genomen
  • De gemiddelde score is 9 van 15
Antwoordstatistieken
Vraag Antwoord % Correct
Welk van deze steden is geen hoofdstad? Sydney
91%
Welk van volgende gebergten ligt niet in Europa? Atlas
75%
Welk van deze landen ligt niet in Centraal-Amerika? Suriname
74%
Welke van deze steden ligt niet aan de Middellandse Zee? Lissabon
72%
Welk van deze landen heeft meer dan 1 buurland? Noord-Korea
66%
Welk van deze landen behoort niet tot de top 20 olieproducerende landen? Marokko
62%
Welk van deze landen wordt niet door de VN erkend? Taiwan
62%
Welk van deze landen was nooit deel van het Britse Rijk? Thailand
62%
Welke van deze landen maakte geen deel uit van de Soviet Unie? Polen
60%
Welk van deze steden ligt niet op het Zuidelijk halfrond? Colombo
58%
Welke van deze Staten grenst niet aan Canada? Indiana
51%
Welk van volgende steden ligt niet in India? Karachi
49%
Welke van deze geografische elementen ligt niet in Afrika? Gobiwoestijn
47%
Welke van deze steden ligt niet aan de Grote Meren in de VS/Canada? Pittsburgh
36%
Welk van deze landen heeft geen moslimmeerderheid? Ethiopië
34%
Geen overeenkomende quizzen gevonden
Scoreverdeling
Procent van Mensen met Elke Score
Percentiel versus Aantal Correcte Antwoorden
Uw Scoregeschiedenis
U heeft deze quiz nog niet genomen